000 00543nam a2200181Ia 4500
999 _c11165
_d11165
003 OSt
005 20191213161629.0
008 190216s9999||||xx |||||||||||||| ||und||
020 _a9788180698552
040 _coclc
082 _a332.0954
_bJHA/M
100 _aJha, Mithilesh Kumar
_9492
245 0 _aMicrofinance And Rural Development /
_cMithilesh Kumar Jha
260 _bConcept Pubshing Company,
_c2012.
_a Delhi:
300 _a432p
650 _aEconomics
942 _cBK
_2ddc
_h332.0954
_iJHA/M
_k332.0954
_mJHA/M